| 000 | 00778nam a22001937a 4500 | ||
|---|---|---|---|
| 005 | 20170522142352.0 | ||
| 010 | _aENG-118311 | ||
| 020 |
_a 9789350358610 _c1695.00 |
||
| 035 | _aEN-101843 | ||
| 037 | _bDBAD/PUB | ||
| 082 | _a349.54 | ||
| 100 | _aDhanda, Amita | ||
| 245 |
_a N S bindra's interpretation of statutes / _cby Amita Dhanda |
||
| 250 | _aTwelfth Edition | ||
| 260 |
_aHaryana _bLexisNexis _c2017 |
||
| 270 | _a14th Floor, Building No 10, Tower-B, DLF Cyber City, Phase-II, Gurgaon-122002, Haryana, India | ||
| 300 |
_a1015p _c24cm.(Hb) |
||
| 942 |
_2ddc _cEN _h349.54 _mDHA |
||
| 999 |
_c140223 _d140223 |
||